Informační systém v podniku
Vymedzenie pojmu IS/IT (elektronicky prenášané informácie). Stupne práce s informáciami. Manažérske nadstavby nad podnikovými IS. IS/IT a priemyselné podniky.
Salvato in:
| Autore principale: | |
|---|---|
| Natura: | Capitolo di libro |
| Lingua: | ceco |
| Soggetti: | |
| Tags: |
Nessun Tag, puoi essere il primo ad aggiungerne!!
|
MARC
| LEADER | 00000naa a2200000 4500 | ||
|---|---|---|---|
| 001 | r032017 | ||
| 005 | 20230922090332.0 | ||
| 041 | 0 | |a cze | |
| 044 | |a CZ | ||
| 245 | 1 | 0 | |a Informační systém v podniku |c Josef Komárek |
| 520 | |a Vymedzenie pojmu IS/IT (elektronicky prenášané informácie). Stupne práce s informáciami. Manažérske nadstavby nad podnikovými IS. IS/IT a priemyselné podniky. | ||
| 610 | 2 | 0 | |a systémy informačné podnikové |
| 610 | 2 | 0 | |a informácie |
| 610 | 2 | 0 | |a technológie informačné |
| 610 | 2 | 0 | |a podnik |
| 610 | 2 | 0 | |a dáta |
| 610 | 2 | 0 | |a počítače |
| 610 | 2 | 0 | |a manažéri |
| 610 | 2 | 0 | |a konkurencia |
| 610 | 2 | 0 | |a IS/IT |
| 100 | 1 | |a Komárek, Josef | |